[Event "London Classic 5 KO"]
[Site "London"]
[Date "2013.12.15"]
[Round "3.1"]
[White "Nakamura, Hikaru"]
[Black "Gelfand, Boris"]
[Result "1-0"]
[WhiteElo "2786"]
[BlackElo "2777"]
[Annotator "JvR"]
[PlyCount "71"]
[EventDate "2013.12.14"]
[EventType "rapid"]
[SourceDate "1999.07.01"]

{The first game of the final starts.} 1. d4 Nf6 2. c4 g6 3. Nc3 d5 4. Nf3 Bg7
5. Qb3 dxc4 6. Qxc4 O-O 7. e4 a6 8. e5 b5 9. Qb3 Nfd7 10. Ng5 Nc6 $5 {
Black sacrifices an exchange.} ({Usual is} 10... Nb6) 11. Nxf7 $5 Rxf7 ({
The pointe is} 11... Nxd4 $2 12. Nh6+ Kh8 13. Qg8+ Rxg8 14. Nf7# {
and smothered mate.}) 12. e6 Nxd4 $6 ({Preferable is} 12... Nde5 $5 13. exf7+
Nxf7) 13. exf7+ Kf8 14. Qd1 Nc5 15. Be3 Bf5 16. Rc1 $1 Qd6 17. b4 Ne4 18. Nxe4
Bxe4 19. f3 Bf5 20. Qd2 Rd8 21. Kf2 Kxf7 22. Be2 Qf6 $2 23. Rxc7 {Thank you!}
Ne6 24. Rd7 $1 {White has gained a pawn.} Rc8 25. Bd3 Rc3 26. Bxf5 gxf5 27. f4
Rc4 28. Rc1 Re4 29. g3 h5 30. h4 Qg6 31. Bc5 Bf6 32. Re1 Qg4 33. Rxe4 fxe4 34.
Qd1 Qf5 35. Rd5 Qh3 36. Qf1 {Nakamura took the lead.} 1-0

[Event "London Classic 5 KO"]
[Site "London"]
[Date "2013.12.15"]
[Round "3.2"]
[White "Gelfand, Boris"]
[Black "Nakamura, Hikaru"]
[Result "1/2-1/2"]
[WhiteElo "2777"]
[BlackElo "2786"]
[Annotator "JvR"]
[PlyCount "123"]
[EventDate "2013.12.14"]
[EventType "rapid"]
[SourceDate "1999.07.01"]

1. d4 Nf6 2. c4 g6 3. Nc3 Bg7 4. e4 d6 5. Be2 O-O 6. Bg5 c5 7. d5 a6 8. a4 Qa5
9. Bd2 e6 10. Nf3 exd5 11. exd5 Bg4 12. O-O Nbd7 13. h3 Bxf3 14. Bxf3 Qc7 15.
Qc2 Ne8 16. Rae1 Be5 17. Bd1 Ng7 18. f4 $5 Bd4+ 19. Kh2 f5 20. Ne2 Bf6 21. Ng1
b5 22. cxb5 axb5 23. axb5 {Gelfand gains a pawn temporarily.} Qb7 24. Be2 Ra2
25. Bc3 Bxc3 26. Qxc3 Nb6 27. Nf3 Ra4 28. Ng5 h6 29. Ne6 Nxd5 $1 30. Bf3 Nxc3
31. Bxb7 Rb8 32. Bc6 Nxb5 33. Nc7 $1 Nxc7 34. Bxa4 Rxb2 {
The material has become uneven, but the chances remain equal.} 35. Rf3 $6 ({
Preferable is} 35. Rb1 Rxb1 36. Rxb1) 35... Rb4 $1 36. Bd7 Kf7 37. g3 Kf6 38.
Ra3 Rb6 39. h4 d5 40. Ra7 Nge6 41. Rea1 c4 $1 42. Bxe6 Nxe6 43. Rd7 Rb2+ 44.
Kg1 c3 45. Re1 Rb6 46. Rxd5 c2 47. Rde5 Nd4 48. Rc5 Nf3+ 49. Kf2 Nxe1 50. Kxe1
{Black has an extra pawn in the rook ending, but Nakamura is satisfied with a
draw.} Rb3 51. Rc6+ Kf7 52. Kf2 Rb2 53. Ke3 h5 54. Kd4 Rb3 55. Rxc2 Rxg3 56.
Rc7+ Kf6 57. Rc6+ Ke7 58. Ra6 Rg1 59. Ra7+ Ke6 60. Ra6+ Ke7 61. Ra7+ Ke6 62.
Ra6+ {Nakamura had won the final.} 1/2-1/2